000 00332nam a22001457a 4500
008 210310b ||||| |||| 00| 0 eng d
020 _a0155018450
041 _aeng
080 _a510
082 _a510
100 _a36
101 _aMAT
245 _aIntroductory Analysis the Theory of Calculus
_cFridy, J. A
942 _2udc
_cBK
999 _c56123
_d56123